| 000 | 005150000a22001690004500 | ||
|---|---|---|---|
| 090 |
_aAR _b03769 |
||
| 245 | 1 | 0 | _aCraniometric variation in jaguar subspecies (Panthera onca) from Colombia |
| 650 | 1 | 4 |
_aMorfometría animal _995249 |
| 650 | 1 | 4 |
_aGenética de poblaciones _912552 |
| 651 | 4 |
_pColombia _992749 |
|
| 653 |
_gPanthera _ePanthera onca _vjaguar |
||
| 041 | 0 | _aInglés | |
| 700 | 1 |
_aPayán, Esteban _938617 |
|
| 100 | 1 |
_aRuiz García , Manuel _915537 |
|
| 942 | _cARTICULO | ||
| 773 | 1 |
_tPreprint _q1-30 _d[2003?] |
|
| 999 |
_c12805 _d12805 |
||